| 000 | 00368nam a2200145Ia 4500 | ||
|---|---|---|---|
| 008 | 130318s9999 xx 000 0 und d | ||
| 020 | _a9788120341739 | ||
| 082 | _a658.404 KAN/P | ||
| 100 | _aKanda, Arun | ||
| 245 | _aProject management:A life cycle approach | ||
| 260 |
_bPHI Learning _aNew Delhi _c2011 |
||
| 300 | _a226 | ||
| 650 | _aMANAGEMENT | ||
| 650 | _aPROJECT | ||
| 999 |
_c2219 _d2219 |
||